Countries Closest to Belgium - Statistics

General Stats
  • This quiz has been taken 4,712 times
  • The average score is 18 of 20
Answer Stats
km country miles % Correct
0 France 0
100%
0 Germany 0
99%
0 Netherlands 0
99%
0 Luxembourg 0
98%
80 United Kingdom 50
98%
357 Austria 222
96%
254 Switzerland 158
96%
450 Denmark 280
95%
426 Italy 265
95%
595 Poland 370
94%
622 Ireland 386
93%
734 Norway 456
93%
658 Sweden 409
93%
404 Czechia 251
91%
372 Liechtenstein 231
90%
785 Slovakia 488
87%
668 Slovenia 415
85%
657 Monaco 408
82%
788 Hungary 489
80%
731 Croatia 454
76%
No matching quizzes found
Score Distribution
Percent of People with Each Score
Percentile by Number Answered
Your Score History
You have not taken this quiz